El poder : historias de familia /
Análisis de la relación prensa-poder en México, a partir del testimonio de Everardo Espino, director de Banrural durante el sexenio del Presidente José López Portillo. Encargado por el propio jefe del ejecutivo del manejo de la "caja chica" de la presidencia de la República, dicho funcionario distri...
保存先:
| 第一著者: | |
|---|---|
| フォーマット: | 図書 |
| 言語: | スペイン語 |
| 出版事項: |
México :
Grijalbo,
1990, c1990
|
| シリーズ: | (Política Mexicana)
|
| 主題: | |
| タグ: |
タグなし, このレコードへの初めてのタグを付けませんか!
|
MARC
| LEADER | 00000nam^a2200000^a^4500 | ||
|---|---|---|---|
| 001 | 000373184 | ||
| 005 | 20250521000000.0 | ||
| 009 | 20260310120033.767 | ||
| 020 | |a 970-05-0009-8 | ||
| 025 | |a Donación Juan Diego Castillo, 1 ejemplar | ||
| 037 | |a Acervo ITESO - Biblioteca | ||
| 041 | |a ESP | ||
| 082 | |a 322. 31 |b SCH | ||
| 100 | |a Scherer García, Julio |e (autor) | ||
| 245 | 1 | 3 | |a El poder : |b historias de familia / |c J. Scherer García. |
| 264 | 4 | |a México : |b Grijalbo, |c 1990, c1990 | |
| 300 | |a 128 p. | ||
| 336 | |a texto |b txt |2 rdacontenido | ||
| 337 | |a sin mediación |b n |2 rdamedio | ||
| 338 | |a volumen |b nc |2 rdasoporte | ||
| 440 | 1 | |a (Política Mexicana) | |
| 520 | |a Análisis de la relación prensa-poder en México, a partir del testimonio de Everardo Espino, director de Banrural durante el sexenio del Presidente José López Portillo. Encargado por el propio jefe del ejecutivo del manejo de la "caja chica" de la presidencia de la República, dicho funcionario distribuía dinero a periodistas, partidos de oposición, lideres priístas, etc., siguiendo órdenes expresas y directas: luego fue acusado de peculado y encarcelado. | ||
| 561 | |a Ex libris de Juan Diego Castillo | ||
| 649 | |a XX | ||
| 650 | |a Jefes de Estado | ||
| 650 | |a Políticos Mexicanos | ||
| 650 | |a Prensa - |z México - |x Historia - |y 1982-1988 | ||
| 650 | |a Poder Político - |z México - |x Historia - |y 1982-1988 | ||
| 650 | |a Comunicación y Política - |z México - |x Historia - |y 1982-1988 - |x Tema Principal | ||
| 650 | |a Política - |z México - |x Historia - |y 1982-1988 | ||
| 650 | |a Política - |z México - |x Historia - |y Siglo XX | ||
| 650 | |a México - |x Condiciones Políticas | ||
| 650 | |a López Portillo y Pacheco, José | ||
| 650 | |a Espino, Everardo - |x Tema Principal | ||
| 910 | |a Fondo Castillo-Martínez | ||
| 920 | |a Impresos - Libros | ||
| 930 | |a Fondos Especiales | ||
| 905 | |a 127 | ||
| 901 | |a 0500267467 |b IT2 |c ESP |i FXC D |u 20250521 | ||
| 902 | |a https://opac.biblio.iteso.mx/vufind/Record/000373184 | ||